[Event "SRI-ch (Women)"]
[Site "Colombo"]
[Date "2018.05.11"]
[Round "9"]
[White "Hewawasam, HY Nevanjee Dimanya"]
[Black "De Silva, Tenara"]
[Result "0-1"]
[WhiteElo "1571"]
[BlackElo "1672"]
[PlyCount "96"]
[EventDate "2018.05.04"]
[EventType "tourn"]
[EventRounds "13"]
[EventCountry "SRI"]
[SourceTitle "CBM 184 Extra"]
[Source "ChessBase"]
[SourceDate "2018.06.28"]
[SourceVersion "1"]
[SourceVersionDate "2018.06.28"]
[SourceQuality "1"]

1. e4 c5 2. Nf3 d6 3. d4 cxd4 4. Nxd4 Nf6 5. Nc3 a6 6. Bg5 e6 7. f4 Be7 8. Qf3 Qc7 9. 0-0-0 Nbd7 10. g4 h6 11. Bh4 g5 12. Bf2 gxf4 13. h3 b5 14. Rg1 Bb7 15. a3 Rc8 16. Qe2 Ne5 17. Nf3 Nxf3 18. Qxf3 Nxe4 19. Bg2 Nxc3 20. Qxc3 Qxc3 21. bxc3 Bxg2 22. Rxg2 e5 23. Kb2 Kd7 24. Bb6 Bd8 25. Ba7 Ba5 26. Rd5 Ke6 27. Rd3 Rc6 28. h4 Rhc8 29. g5 Rg8 30. Rh3 Kf5 31. h5 Rxg5 32. Rxg5+ Kxg5 33. Bf2 Kg4 34. Rh1 Bxc3+ 35. Kb3 Ba5 36. Bh4 Rc3+ 37. Kb2 Rh3 38. Rxh3 Kxh3 39. Be7 f3 40. c4 f2 41. cxb5 axb5 42. a4 f1Q 43. Bxd6 Qe2+ 44. Ka3 Qd3+ 45. Ka2 Qxd6 46. axb5 Bc3 47. b6 Qb4 48. b7 Qb2# 0-1

[Event "SRI-ch (Women)"]
[Site "Colombo"]
[Date "2018.05.07"]
[Round "7"]
[White "Hewawasam, HY Nevanjee Dimanya"]
[Black "Basnayake, IU."]
[Result "1-0"]
[WhiteElo "1571"]
[BlackElo "1726"]
[PlyCount "73"]
[EventDate "2018.05.04"]
[EventType "tourn"]
[EventRounds "13"]
[EventCountry "SRI"]
[SourceTitle "CBM 184 Extra"]
[Source "ChessBase"]
[SourceDate "2018.06.28"]
[SourceVersion "1"]
[SourceVersionDate "2018.06.28"]
[SourceQuality "1"]

1. e4 c5 2. Nf3 d6 3. d4 cxd4 4. Nxd4 Nf6 5. Nc3 a6 6. Bg5 e6 7. f4 Be7 8. Qf3 Qc7 9. 0-0-0 h6 10. Bh4 Nbd7 11. g4 b5 12. Bg2 Bb7 13. Rhf1 Nc5 14. Bxf6 gxf6 15. a3 Rc8 16. Qe2 Nd7 17. Rfe1 Ba8 18. Nf5 exf5 19. exf5 Nb6 20. Bxa8 Rxa8 21. g5 hxg5 22. fxg5 Kf8 23. g6 Ra7 24. Rg1 fxg6 25. fxg6 Kg7 26. Qe6 Bf8 27. h4 Qe7 28. Qh3 Qe5 29. Rde1 Qf4+ 30. Kb1 Rxh4 31. Qe6 Qc4 32. Qe8 Qc8 33. Qe3 Rh3 34. Qxb6 Rc7 35. Nd5 Rxc2 36. Qa7+ Kh6 37. Qh7# 1-0

[Event "Asia-ch U14 Girls"]
[Site "Ulaanbaatar"]
[Date "2016.04.12"]
[Round "7"]
[White "Buyanzaya, Adiyasuren"]
[Black "Hewawasam, HY Nevanjee Dimanya"]
[Result "1-0"]
[WhiteElo "1660"]
[BlackElo "1254"]
[PlyCount "73"]
[EventDate "2016.04.06"]
[EventType "swiss"]
[EventRounds "9"]
[EventCountry "MGL"]
[SourceTitle "EXT 2017"]
[Source "ChessBase"]
[SourceDate "2016.10.25"]
[SourceVersion "1"]
[SourceVersionDate "2016.10.25"]
[SourceQuality "1"]

1. e4 c5 2. Nc3 d6 3. f4 Nf6 4. g3 g6 5. Bg2 Nc6 6. Nf3 Bg7 7. 0-0 0-0 8. d3 a6 9. a4 Rb8 10. Nh4 b5 11. e5 Bg4 12. Qd2 b4 13. exf6 bxc3 14. bxc3 Bxf6 15. Bxc6 d5 16. a5 e6 17. Ng2 Qc7 18. Ba4 Qxa5 19. Ra3 h6 20. Qe1 Rb1 21. c4 Bd4+ 22. Kh1 Qxe1 23. Rxe1 Bf3 24. Bd2 Rxe1+ 25. Bxe1 dxc4 26. dxc4 Be4 27. h3 Rd8 28. Kh2 Bb2 29. Re3 f5 30. Re2 Bf6 31. Rd2 Rb8 32. Bf2 Rc8 33. Bd7 Rc7 34. Bxe6+ Kg7 35. Ne3 Bc3 36. Rd7+ Rxd7 37. Bxd7 1-0

[Event "Asia-ch U14 Girls"]
[Site "Ulaanbaatar"]
[Date "2016.04.09"]
[Round "5"]
[White "Almaini, Aishah Sarhan"]
[Black "Hewawasam, HY Nevanjee Dimanya"]
[Result "0-1"]
[WhiteElo "1361"]
[BlackElo "1254"]
[PlyCount "88"]
[EventDate "2016.04.06"]
[EventType "swiss"]
[EventRounds "9"]
[EventCountry "MGL"]
[SourceTitle "EXT 2017"]
[Source "ChessBase"]
[SourceDate "2016.10.25"]
[SourceVersion "1"]
[SourceVersionDate "2016.10.25"]
[SourceQuality "1"]

1. d4 Nf6 2. c4 g6 3. Nc3 Bg7 4. e4 d6 5. f3 0-0 6. Be3 e5 7. d5 a5 8. Bd3 Na6 9. a3 Nd7 10. Nge2 Ndc5 11. 0-0 Nxd3 12. Qxd3 f5 13. Kh1 f4 14. Bf2 h5 15. Rab1 g5 16. b4 axb4 17. axb4 b6 18. Ng1 g4 19. g3 Qf6 20. gxf4 exf4 21. Nce2 h4 22. fxg4 Bxg4 23. Nf3 h3 24. Rg1 Qg6 25. Nh4 Qg5 26. Qxh3 Bxh3 27. Rxg5 Kf7 28. Nxf4 Bd7 29. Nd3 Bf6 30. Rgg1 Ke8 31. Rb3 Ba4 32. Ra3 Bc2 33. b5 Bxd3 34. Rxd3 Nb4 35. Rb3 Ra2 36. Bg3 Nc2 37. Rg2 Ra1+ 38. Rg1 Rxg1+ 39. Kxg1 Nd4 40. Ra3 Bxh4 41. Ra8+ Kf7 42. Rxf8+ Kxf8 43. Bxh4 Nf3+ 44. Kf2 Nxh4 0-1

[Event "Asia-ch U14 Girls"]
[Site "Ulaanbaatar"]
[Date "2016.04.08"]
[Round "4"]
[White "Hewawasam, HY Nevanjee Dimanya"]
[Black "Lkhagvadolgor, Serchinbal"]
[Result "0-1"]
[WhiteElo "1254"]
[BlackElo "1701"]
[PlyCount "86"]
[EventDate "2016.04.06"]
[EventType "swiss"]
[EventRounds "9"]
[EventCountry "MGL"]
[SourceTitle "EXT 2017"]
[Source "ChessBase"]
[SourceDate "2016.10.25"]
[SourceVersion "1"]
[SourceVersionDate "2016.10.25"]
[SourceQuality "1"]

1. e4 e6 2. d3 d5 3. Nd2 c5 4. g3 Nc6 5. Bg2 Nf6 6. Ngf3 Be7 7. 0-0 0-0 8. e5 Nd7 9. Re1 Qc7 10. Qe2 b6 11. a3 Ba6 12. Nf1 Rac8 13. h4 Nd4 14. Qd1 Nxf3+ 15. Bxf3 Nxe5 16. Nh2 Nxf3+ 17. Qxf3 Bb7 18. Qg4 d4 19. Bh6 Bf6 20. h5 Kh8 21. Bg5 Bxg5 22. Qxg5 h6 23. Qh4 Qc6 24. f3 Rcd8 25. Rf1 Rd5 26. Rae1 Rg5 27. Ng4 Qd5 28. Rf2 Re8 29. Qh3 Rxh5 30. Qg2 Rf5 31. Re4 h5 32. Nh2 Re5 33. Rfe2 Rxe4 34. Rxe4 Qg5 35. Rf4 Kg8 36. Rh4 Qe3+ 37. Kh1 Qc1+ 38. Nf1 Qd1 39. Kg1 Bxf3 40. Qf2 Be2 41. Kg2 Bxf1+ 42. Qxf1 Qxf1+ 43. Kxf1 g6 0-1

[Event "Asia-ch U14 Girls"]
[Site "Ulaanbaatar"]
[Date "2016.04.07"]
[Round "2"]
[White "Priyanka, Nutakki"]
[Black "Hewawasam, HY Nevanjee Dimanya"]
[Result "1/2-1/2"]
[WhiteElo "2009"]
[BlackElo "1254"]
[PlyCount "144"]
[EventDate "2016.04.06"]
[EventType "swiss"]
[EventRounds "9"]
[EventCountry "MGL"]
[SourceTitle "EXT 2017"]
[Source "ChessBase"]
[SourceDate "2016.10.25"]
[SourceVersion "1"]
[SourceVersionDate "2016.10.25"]
[SourceQuality "1"]

1. d4 Nf6 2. c4 g6 3. Nc3 Bg7 4. e4 d6 5. f4 0-0 6. Nf3 c5 7. d5 Bg4 8. Be2 e6 9. h3 Bxf3 10. Bxf3 exd5 11. cxd5 Nh5 12. 0-0 Ng3 13. Re1 Nd7 14. Kh2 Qh4 15. Nb5 Bh6 16. Qd2 Ne5 17. Qf2 Nd3 18. Qxg3 Qxg3+ 19. Kxg3 Nxe1 20. Nxd6 Nxf3 21. Kxf3 Rab8 22. g4 b5 23. Be3 Rfd8 24. Bxc5 Bf8 25. e5 a6 26. b4 f6 27. Ne4 fxe5 28. fxe5 Bg7 29. Bd6 Rxd6 30. Nxd6 Bxe5 31. Rc1 Bxd6 32. Rc6 Bxb4 33. Rxa6 Bc5 34. Rc6 Ba3 35. Ke4 Re8+ 36. Kd3 Rd8 37. Kd4 Rd6 38. Ke5 Rd7 39. Rb6 b4 40. Ke6 Re7+ 41. Kf6 Rf7+ 42. Ke6 Re7+ 43. Kf6 Rf7+ 44. Ke5 Bb2+ 45. Ke4 Re7+ 46. Kd3 Rd7 47. Kc4 Bc3 48. Kc5 Bd2 49. Kc6 Rf7 50. d6 Rf3 51. d7 Rc3+ 52. Kb5 Bg5 53. Kxb4 Rd3 54. Rb7 Kf8 55. d8Q+ Rxd8 56. Rxh7 Be7+ 57. Kb5 Rd7 58. Rh8+ Kg7 59. Rc8 Rd3 60. Rc7 Kf7 61. a4 Rxh3 62. a5 Rb3+ 63. Ka6 Ke8 64. Rc6 g5 65. Ka7 Kd7 66. Rc2 Rb5 67. Ra2 Kc6 68. a6 Bc5+ 69. Ka8 Kc7 70. a7 Rb4 71. Rc2 Kc6 72. Rxc5+ Kxc5 1/2-1/2

[Event "SRI-chB (Women)"]
[Site "Malabe"]
[Date "2015.06.21"]
[Round "6"]
[White "Tharushi, THD Niklesha"]
[Black "Hewawasam, HY Nevanjee Dimanya"]
[Result "0-1"]
[WhiteElo "1508"]
[BlackElo "1277"]
[PlyCount "76"]
[EventDate "2015.05.19"]
[EventType "swiss"]
[EventRounds "10"]
[EventCountry "SRI"]
[SourceTitle "EXT 2016"]
[Source "ChessBase"]
[SourceDate "2015.10.08"]
[SourceVersion "1"]
[SourceVersionDate "2015.10.08"]
[SourceQuality "1"]

1. d4 Nf6 2. c4 g6 3. Nc3 Bg7 4. e4 d6 5. Nf3 0-0 6. Be2 e5 7. 0-0 Nc6 8. d5 Ne7 9. b4 Nd7 10. Ne1 f5 11. Nd3 Nf6 12. f3 f4 13. Ba3 g5 14. c5 Ng6 15. b5 Rf7 16. Bb4 Bf8 17. a4 h5 18. c6 b6 19. Nf2 Rg7 20. a5 Nh8 21. axb6 cxb6 22. Bc4 g4 23. Nd3 g3 24. Nxe5 Nh7 25. Nd7 Qh4 26. h3 Ng5 27. Qd2 Ng6 28. Bb3 Ne5 29. Nxe5 Bxh3 30. gxh3 g2 31. Kxg2 Nxe4+ 32. Kh2 Qg3+ 33. Kh1 Nxd2 34. Ng4 Qxh3+ 35. Kg1 Nxf1 36. Rxf1 hxg4 37. fxg4 Rxg4+ 38. Kf2 Qe3# 0-1